Cultural tourism in India : (Record no. 144514)
[ view plain ]
| 000 -LEADER | |
|---|---|
| fixed length control field | 01002nam a22002297a 4500 |
| 005 - DATE AND TIME OF LATEST TRANSACTION | |
| control field | 20180611151907.0 |
| 010 ## - LCCN (DPL NO) | |
| LC control number | 1718EN-30 B-687969-978 |
| 020 ## - INTERNATIONAL STANDARD BOOK NUMBER | |
| International Standard Book Number | 9788124602164 |
| Terms of availability | 650.00 |
| 035 ## - SYSTEM CONTROL NUMBER | |
| System control number | B-687969-978 |
| 037 ## - SOURCE OF ACQUISITION | |
| Source of stock number/acquisition | A.K.Pub. & Dis. |
| Stock number | dpl |
| 082 ## - DEWEY DECIMAL CLASSIFICATION NUMBER | |
| Classification number | 338.47910954 |
| 100 ## - MAIN ENTRY--PERSONAL NAME | |
| Personal name | Gupta, S.P. |
| 245 ## - TITLE STATEMENT | |
| Title | Cultural tourism in India : |
| Statement of responsibility, etc | by S.P. Gupta, Krishna Lal [and] Mahua Bhattacharyya |
| Remainder of title | museums, monuments & art - (theory and practice ) / |
| 260 ## - PUBLICATION, DISTRIBUTION, ETC. (IMPRINT) | |
| Date of publication, distribution, etc | 2016 |
| Place of publication, distribution, etc | New Delhi |
| Name of publisher, distributor, etc | A.K.Pub. & Dis. |
| 270 ## - ADDRESS | |
| Address | Vedasri, F-395, Sudarshan Park, Ramesh Nagar, |
| City | New Delhi |
| Postal code | 110015 |
| 300 ## - PHYSICAL DESCRIPTION | |
| Dimensions | 23cm(pbk) |
| Extent | xxviii,451p. |
| 500 ## - GENERAL NOTE | |
| General note | Includes bibliographical references and index |
| 700 ## - ADDED ENTRY--PERSONAL NAME | |
| Personal name | Lal, Krishna |
| 700 ## - ADDED ENTRY--PERSONAL NAME | |
| Personal name | Bhattacharyya, Mahua |
| 942 ## - ADDED ENTRY ELEMENTS (KOHA) | |
| Item type | English Books |
| Source of classification or shelving scheme | Dewey Decimal Classification |
| Call number suffix | GUP |
| Classification part | 338.47910954 |
| Withdrawn status | Lost status | Not for loan | Collection code | Home library | Current library | Date acquired | Source of acquisition | Cost, normal purchase price | Full call number | Barcode | Copy number | Koha item type |
|---|---|---|---|---|---|---|---|---|---|---|---|---|
| Non-fiction | Ashok Vihar | Ashok Vihar | 11/06/2018 | A.K.Pub. & Dist./A-39/30.11.17/632/20.11.17/13.01.18 | 650.00 | 338.47910954 GUP | B-687973 | 1 | English Books | |||
| Non-fiction | Bawana | Bawana | 11/06/2018 | A.K.Pub. & Dist./A-39/30.11.17/632/20.11.17/13.01.18 | 650.00 | 338.47910954 GUP | B-687978 | 1 | English Books | |||
| Non-fiction | Central Library | Central Library | 11/06/2018 | A.K.Pub. & Dist./A-39/30.11.17/632/20.11.17/13.01.18 | 650.00 | 338.47910954 GUP | B-687969 | 1 | English Books | |||
| Non-fiction | Janak Puri | Janak Puri | 11/06/2018 | A.K.Pub. & Dist./A-39/30.11.17/632/20.11.17/13.01.18 | 650.00 | 338.47910954 GUP | B-687975 | 1 | English Books | |||
| Non-fiction | Mobile Library | Mobile Library | 11/06/2018 | A.K.Pub. & Dist./A-39/30.11.17/632/20.11.17/13.01.18 | 650.00 | 338.47910954 GUP | B-687970 | 1 | English Books | |||
| Non-fiction | Mobile Library | Mobile Library | 11/06/2018 | A.K.Pub. & Dist./A-39/30.11.17/632/20.11.17/13.01.18 | 650.00 | 338.47910954 GUP | B-687971 | 1 | English Books | |||
| Non-fiction | Narela | Narela | 11/06/2018 | A.K.Pub. & Dist./A-39/30.11.17/632/20.11.17/13.01.18 | 650.00 | 338.47910954 GUP | B-687977 | 1 | English Books | |||
| Non-fiction | New Police Line | New Police Line | 11/06/2018 | A.K.Pub. & Dist./A-39/30.11.17/632/20.11.17/13.01.18 | 650.00 | 338.47910954 GUP | B-687972 | 1 | English Books | |||
| Non-fiction | Patel Nagar | Patel Nagar | 11/06/2018 | A.K.Pub. & Dist./A-39/30.11.17/632/20.11.17/13.01.18 | 650.00 | 338.47910954 GUP | B-687974 | 1 | English Books | |||
| Non-fiction | Sarojini Nagar | Sarojini Nagar | 11/06/2018 | A.K.Pub. & Dist./A-39/30.11.17/632/20.11.17/13.01.18 | 650.00 | 338.47910954 GUP | B-687976 | 1 | English Books |
